banner koha

Biodiversidade aplicada e negócios sustentáveis no Estado do Amazonas; Biologia, manejo e conservação de crocodilianos (Registro n. 82641)

MARC details
000 -LÍDER
campo de controle de tamanho fixo 01173nam a22003137a 4500
001 - NÚMERO DE CONTROLE
campo de controle BR2016003549
003 - IDENTIFICADOR DO NÚMERO DE CONTROLE
campo de controle BR-BrBNA
005 - DATA E HORÁRIO DA ÚLTIMA TRANSAÇÃO
campo de controle 20230928104946.0
007 - CAMPO FIXO DE DESCRIÇÃO FÍSICA--INFORMAÇÃO GERAL
campo de controle de tamanho fixo ta
008 - CAMPO DE DADOS FIXOS--INFORMAÇÃO GERAL
campo de controle de tamanho fixo 230509b bl.||||| |||| 00| 0 por d
040 ## - FONTE DA CATALOGAÇÃO
Instituição da catalogação original BR-BrBNA
Idioma da catalogação por
Instituição que transcreveu o registro Biblioteca Nacional de Agricultura
041 ## - CÓDIGO DE IDIOMA
Código do idioma do texto/trilha sonora ou título diferente (Por)
072 ## - CÓDIGO DE CATEGORIA DE ASSUNTO
Código de Categoria de Assunto P01; E14
Código do objeto 8510
090 ## - NÚMERO DE CHAMADA LOCAL
-- 8510 BR2016003549
110 1# - ENTRADA PRINCIPAL--NOME CORPORATIVO
Nome corporativo ou nome da jurisdição Ministério do Meio Ambiente, Manaus, AM (Brasil). Centro de Conservação e Manejo de Reptéis e Anfíbios
9 (RLIN) 7583
110 1# - ENTRADA PRINCIPAL--NOME CORPORATIVO
Nome corporativo ou nome da jurisdição Governo do Estado do Amazonas, Manaus, AM (Brasil). Depto de Animais Silvestres
245 1# - TÍTULO
Título Biodiversidade aplicada e negócios sustentáveis no Estado do Amazonas; Biologia, manejo e conservação de crocodilianos
Restante do título Projeto Demonstrativo de Viabilidade Econômica do Uso Comercial de Jacarés em Unidades de Conservação de Uso Sustentável
260 3# - PUBLICAÇÃO, DISTRIBUIÇÃO, ETC.
Local de publicação, distribuição, etc. Manaus, AM (Brasil):
Data da publicação, distribuição, etc. 2003.
300 ## - DESCRIÇÃO FÍSICA
Extensão 17 p.
500 ## - NOTA GERAL
Nota geral 11 ref.
650 ## - ASSUNTO--TERMO TÓPICO
Cabeçalho tópico ou nome geográfico BIODIVERSIDADE
650 ## - ASSUNTO--TERMO TÓPICO
Cabeçalho tópico ou nome geográfico BIOLOGIA
650 ## - ASSUNTO--TERMO TÓPICO
Cabeçalho tópico ou nome geográfico MANEJO
650 ## - ASSUNTO--TERMO TÓPICO
Cabeçalho tópico ou nome geográfico JACARÉ
650 ## - ASSUNTO--TERMO TÓPICO
Cabeçalho tópico ou nome geográfico CONSERVAÇÃO
650 ## - ASSUNTO--TERMO TÓPICO
Cabeçalho tópico ou nome geográfico DESENVOLVIMENTO SUSTENTÁVEL
909 ## -
-- 202309
-- Lucia
-- 55
-- Lucia Elande
942 ## - ELEMENTOS DE ENTRADA ADICIONADOS (KOHA)
Tipo de material Koha Livros
Exemplares
Situação do descarte Fonte da classificação ou esquema de arquivamento na estante Situação física Não pode ser emprestado Coleção Biblioteca de origem Biblioteca atual Total de empréstimos Número de telefone completo Código de barras Data de último acesso Número do exemplar Tipo de material Koha Situação das perdas Data de aquisição Fonte de aquisição
  Classificação AGRIS       Biblioteca Nacional de Agricultura - Binagri Biblioteca Nacional de Agricultura - Binagri   8510 BR2016003549 8510 BR2016003549 25/09/2023 01 Livros   2023-09-25 Portaria Interministerial nº 164/94

BINAGRI

Telefone: (61)3218-2567/2388/3357/2097 - binagri@agro.gov.br

Ministério da Agricultura e Pecuária , Esplanada dos Ministérios, Bloco D, Anexo B, Brasília/DF, CEP: 70.043-900